000 00398nam a2200169Ia 4500
005 20240618063950.0
008 240331s9999 xx 000 0 und d
082 _bGAN
_a891.48
100 _aGanesalingan, S
245 0 _aSadangu
_cS.Ganeshalingan
260 _aChennai
_bKumaran Publishers
_c2001
300 _a224 p .,
650 _aWoman
650 _aRituals
650 _aSocial
942 _cL
999 _c3926
_d3926